000 nam a22 7a 4500
999 _c129527
_d129527
008 190430b xxu||||| |||| 00| 0 eng d
050 _aBV55.C749
100 _aSolemnitatis, Paschales
_946143
245 _aCircular letter concerning the preparation and celebration of the Easter feasts
_cPaschales Solemnitatis
260 _aBoston
_bSt. Paul Books and Media
300 _a38p. ;
_c18cm.
650 _aEaster
_97826
942 _2lcc
_cMONOGRAPH